000 00236nam a2200097Ia 4500
005 20251222114344.0
008 251222s1900||||xx |||||||||||||| ||spa||
082 _aDVD0192/U61S/2000
245 0 _aConferencia: ética y bioética:
942 _cDVD
999 _c978
_d978